High Court Rules And Orders (Vol : I-V) / (Record no. 613193)
[ view plain ]
| 000 -LEADER | |
|---|---|
| fixed length control field | 00359nam a22001337a 4500 |
| 082 ## - DEWEY DECIMAL CLASSIFICATION NUMBER | |
| Classification number | 347.549103 |
| Author Mark | SID |
| 100 ## - MAIN ENTRY--PERSONAL NAME | |
| Personal name | Siddiqui, M. A. |
| 245 ## - TITLE STATEMENT | |
| Title | High Court Rules And Orders (Vol : I-V) / |
| Statement of responsibility, etc. | M. A. Siddiqui |
| 260 ## - PUBLICATION, DISTRIBUTION, ETC. | |
| Place of publication, distribution, etc. | Lahore: |
| Name of publisher, distributor, etc. | Imran Law Book House, |
| Date of publication, distribution, etc. | 2024. |
| 300 ## - PHYSICAL DESCRIPTION | |
| Extent | xxvi, 1363p. ; |
| 563 ## - BINDING INFORMATION | |
| Binding note | HB |
| 650 ## - SUBJECT ADDED ENTRY--TOPICAL TERM | |
| Topical term or geographic name entry element | Law |
| 942 ## - ADDED ENTRY ELEMENTS (KOHA) | |
| Source of classification or shelving scheme | |
| Koha item type | Book |
| 650 ## - SUBJECT ADDED ENTRY--TOPICAL TERM | |
| -- | 35302 |
| Withdrawn status | Lost status | Source of classification or shelving scheme | Damaged status | Not for loan | Permanent Location | Current Location | Date acquired | Total Checkouts | Full call number | Barcode | Date last seen | Price effective from | Koha item type |
|---|---|---|---|---|---|---|---|---|---|---|---|---|---|
| NUST Law School (NLS) | NUST Law School (NLS) | 03/04/2025 | 347.549103 SID | NLS-1096 | 03/04/2025 | 03/04/2025 | Book | ||||||
| NUST Law School (NLS) | NUST Law School (NLS) | 03/04/2025 | 347.549103 SID | NLS-1097 | 03/04/2025 | 03/04/2025 | Book |
